[Event "Open Desko Liberec 2020"]
[Site "Liberec"]
[Date "2020.07.22"]
[Round "6"]
[White "Hurtik, Matej"]
[Black "Karlik, Vladimir"]
[Result "1/2-1/2"]
[WhiteElo "2001"]
[BlackElo "2143"]
[Annotator "TA"]
[PlyCount "63"]
[EventDate "2020.??.??"]
[EventCountry "CZE"]
[SourceTitle "playchess.com"]
[Source "ChessBase"]
[SourceQuality "1"]

{[%evp 14,63,-23,-41,8,-11,0,-2,-8,-21,-10,-134,-28,-28,-26,-29,-27,-21,-12,-17,-23,-20,-22,-10,0,-36,-39,-52,-45,-51,-62,-62,-55,-85,-28,-40,-50,-55,-13,-9,-13,-8,-14,-49,-70,-73,-73,-52,0,0,0,0]} 1. d4 Nf6 2. Bf4 d5 3. e3 c5 4. c3 Nc6 5. Nf3 Qb6 6. Qb3 c4 7. Qc2 $1 {7.Qc2 is better than 7.Qxb6.} Bf5 8. Qc1 g6 {D02: 1 d4 d5 2 Nf3 sidelines, including 2...Nf6 3 g3 and 2...Nf6 3 Bf4.} 9. Nbd2 Bg7 10. h3 O-O 11. Ne5 {[#]} Nd7 $146 ({Predecessor:} 11... Rfc8 12. g4 Be6 13. Bg2 Qd8 14. Qd1 Nd7 15. Nxd7 Qxd7 16. Qf3 Rd8 17. g5 Bf5 {1-0 (59) Rozhko,D (2354)-Karpenko,A (2188) Moscow 2015}) 12. e4 (12. Nxd7 $11 Bxd7 13. Be2) 12... Ncxe5 (12... Bxe5 $17 13. Bxe5 Bxe4) 13. exf5 $11 Nc6 14. fxg6 fxg6 15. Be3 Qc7 16. Be2 e5 17. dxe5 Ncxe5 18. O-O Nc5 19. Nf3 Ncd3 20. Qd2 Nxf3+ 21. Bxf3 {[#]} Rxf3 $1 {[%mdl 512]} 22. gxf3 Qd7 23. Kg2 Rf8 ({Better is} 23... b5 $17) 24. Rad1 Qf5 25. Qe2 Re8 {[#] Hoping for ...Nf4+.} 26. Rxd3 $1 cxd3 27. Qd1 b5 28. Qb3 Rf8 29. Qxb5 Qxf3+ 30. Kg1 Qxh3 (30... h6 $15 31. Qxd3 Rf5) 31. Qxd5+ Kh8 32. Qe4 {Accuracy: White = 73%, Black = 73%.} 1/2-1/2

[Event "Open Desko Liberec 2020"]
[Site "Liberec"]
[Date "2020.07.22"]
[Round "6"]
[White "Cibulka, Josef"]
[Black "Vitak, Jiri"]
[Result "1-0"]
[WhiteElo "1938"]
[BlackElo "2190"]
[Annotator "TA"]
[PlyCount "77"]
[EventDate "2020.??.??"]
[EventCountry "CZE"]
[SourceTitle "playchess.com"]
[Source "ChessBase"]
[SourceQuality "1"]

{[%evp 12,77,63,51,60,63,48,33,54,46,39,-18,-16,-10,0,0,27,0,0,0,83,89,92,91,81,83,111,112,116,97,112,109,190,155,287,275,278,234,237,223,335,260,343,350,342,341,332,47,437,433,488,405,550,418,576,543,515,506,576,566,655,632,29974,29971,29989,29983,29979,11956]} 1. Nf3 d5 2. d4 e6 3. c4 c5 4. cxd5 exd5 5. Nc3 Nc6 6. dxc5 d4 7. Na4 Bxc5 {[%mdl 64] [#] Decoy. D32: Tarrasch Defence: Sidelines and lines without g3.} 8. Nxc5 Qa5+ 9. Bd2 Qxc5 {White is slightly better.} 10. Rc1 Qb6 11. b4 (11. Qa4 $14) 11... Nf6 $11 12. Qa4 {[#] next b5 is good for White.} a6 $146 ({Predecessor:} 12... Ne4 13. b5 Nxd2 14. Nxd2 Na5 15. Nf3 O-O 16. Nxd4 Bd7 17. e3 a6 18. Qd1 axb5 {½-½ (45) Tsarukian,E (2198)-Dvinskikh,L (2091) Kirov 2014}) 13. Ne5 $36 {[%cal Re5c6][%mdl 2048] White has the initiative.} Bd7 14. Nxd7 (14. Nc4 $5 {[%cal Rc4b6]} Qc7 15. b5 $11) 14... Nxd7 15. g3 d3 (15... O-O $11) 16. e3 $16 ({Much worse is} 16. exd3 $6 O-O $11) 16... O-O 17. Bxd3 Rad8 18. Bc3 Nf6 19. Be2 Nd5 20. b5 axb5 21. Qxb5 Qa7 (21... Qxb5 $16 {was called for.} 22. Bxb5 Ra8) 22. Qb2 Nxe3 (22... Nxc3 $16 23. Rxc3 Rd7) 23. fxe3 $18 Qxe3 24. Rf1 Rfe8 25. Rd1 ({Don't go for} 25. Bxg7 $2 Nb4 $17) 25... Rc8 (25... Rd3 $142) 26. Rd2 ({Less strong is} 26. Bxg7 Nb4 $16) 26... Ne5 27. Bxe5 $1 Rxe5 {[#]} 28. Rf2 $1 Qe4 29. Rd4 $2 (29. Rf4 $18 Qh1+ 30. Rf1) 29... Qe3 $2 {[%mdl 8192] Loses the game.} (29... Qh1+ $1 $14 30. Rf1 Qxh2) 30. Kf1 h5 31. Qd2 Qa3 32. Rd8+ Re8 33. Rxc8 Rxc8 34. Bxh5 g6 35. Bf3 Rc1+ 36. Kg2 {Black must now prevent Qd7.} Qc5 37. Bd5 {White mates.} b5 38. Bxf7+ Kg7 39. Bd5 {Accuracy: White = 68%, Black = 31%.} (39. Be6 $142 Rc2 40. Qxc2 Qxc2 41. Rxc2 Kf6 42. Bg4 b4 43. Rb2 Ke7 44. Rxb4) 1-0

[Event "Open Desko Liberec 2020"]
[Site "Liberec"]
[Date "2020.07.23"]
[Round "7"]
[White "Bures, Jaroslav"]
[Black "Kucera, Petr"]
[Result "1-0"]
[WhiteElo "2386"]
[BlackElo "2240"]
[Annotator "ChessBase"]
[PlyCount "41"]
[EventDate "2020.??.??"]
[EventCountry "CZE"]
[SourceTitle "playchess.com"]
[Source "ChessBase"]
[SourceQuality "1"]
[TimeControl "40/5400+30:1800+30"]

1. e4 c6 2. d4 d5 3. e5 Bf5 4. h4 h5 5. Bd3 Bxd3 6. Qxd3 e6 7. Bg5 Qb6 8. Nd2 Ne7 9. Ne2 Qa6 10. c4 dxc4 11. Nxc4 Nd5 12. O-O Nd7 13. Ng3 N7b6 14. b3 Be7 15. Rfd1 Nxc4 16. bxc4 Bxg5 17. hxg5 Nb6 18. Ne4 Rd8 19. Rac1 Kf8 20. Nc5 Qxa2 21. Rc2 1-0

[Event "Open Desko Liberec 2020"]
[Site "Liberec"]
[Date "2020.07.23"]
[Round "7"]
[White "Liska, Jiri"]
[Black "Hurtik, Matej"]
[Result "1-0"]
[WhiteElo "2273"]
[BlackElo "2047"]
[Annotator "ChessBase"]
[PlyCount "49"]
[EventDate "2020.??.??"]
[EventCountry "CZE"]
[SourceTitle "playchess.com"]
[Source "ChessBase"]
[SourceQuality "1"]
[TimeControl "40/5400+30:1800+30"]

1. Nf3 Nf6 2. c4 g6 3. g3 Bg7 4. Bg2 O-O 5. O-O d5 6. cxd5 Nxd5 7. d4 Nc6 8. e4 Nb6 9. d5 Ne5 10. Nxe5 Bxe5 11. Nc3 e6 12. Bh6 Re8 13. f4 Bh8 14. dxe6 Bxe6 15. Qf3 Qd2 16. e5 Nc4 17. Rf2 Qe3 18. b3 Qxf3 19. Bxf3 Na5 20. Nb5 Re7 21. Rd1 f6 22. Rfd2 Bf7 23. Nxc7 Rxc7 24. Rd8+ Be8 25. Bd5+ 1-0

[Event "Open Desko Liberec 2020"]
[Site "Liberec"]
[Date "2020.07.23"]
[Round "7"]
[White "Sernecki, Franciszek"]
[Black "Finek, Vaclav"]
[Result "1/2-1/2"]
[WhiteElo "2243"]
[BlackElo "2210"]
[Annotator "TA"]
[PlyCount "92"]
[EventDate "2020.??.??"]
[EventCountry "CZE"]
[SourceTitle "playchess.com"]
[Source "ChessBase"]
[SourceQuality "1"]

{[%evp 15,92,25,12,16,5,20,5,-17,-2,-4,-9,-94,-85,-85,-93,-103,-52,-90,-66,-74,-76,-81,-80,-79,-13,-13,-13,-13,-1,-1,-1,-1,-1,-1,0,-4,-1,-15,-1,-1,-1,-18,-1,-16,-3,-47,0,-4,0,0,0,0,0,0,0,0,0,0,0,0,0,0,0,-44,0,0,0,0,0,0,0,0,0,0,0,0,0,0,0]} 1. d4 Nf6 2. c4 g6 3. Nc3 d5 4. Nf3 Bg7 5. Bf4 O-O 6. Rc1 c5 7. dxc5 dxc4 8. Qxd8 $1 {The main line 8.Qxd8 scores better than 8.e4.} Rxd8 9. e4 {D92: Grünfeld: 4 Nf3 Bg7 5 Bf4.} Na6 10. e5 Ne8 {[#]} 11. c6 $146 ({Predecessor:} 11. Be3 Be6 12. Ng5 Nec7 13. f4 Bh6 14. Nxe6 Nxe6 15. g3 Naxc5 16. Bxc4 a6 17. Nd5 {½-½ (58) Zvjaginsev,V (2631)-Turov,M (2546) Linares 2001}) 11... Nb4 12. Bxc4 Nxc6 13. e6 (13. Ng5 $11 {keeps the balance.}) 13... Bxe6 $17 14. Bxe6 fxe6 15. Be3 Nd6 (15... h6 $17) 16. Ke2 Nc4 17. b3 Nxe3 18. fxe3 Nb4 19. a3 Nd3 (19... Rdc8 $17 20. Ne4 Nc2) 20. Rc2 $1 $11 Rac8 21. Rd1 Rxc3 22. Rxc3 Bxc3 23. Rxd3 Rxd3 24. Kxd3 {[%mdl 4096] Endgame KB-KN} Bf6 25. e4 Bb2 26. a4 h6 27. Kc2 Ba3 28. Kd3 Bd6 29. h3 Kf7 30. Kc4 Ke8 31. b4 {[%cal Bb3b4,Bb4b5][%mdl 32]} g5 32. Ne1 Kd7 33. Nd3 Kc6 34. e5 Bc7 35. b5+ Kd7 36. Nc5+ Kc8 $1 37. Nd3 Kd7 38. Kd4 Bb6+ 39. Ke4 Ke8 40. Nb2 {The position is equal.} Bc7 41. Nc4 Kd7 42. Kf3 Ke8 $1 43. Ke3 Kd8 44. a5 Kd7 45. Kd4 Bd8 46. Kc5 {[#] b6 is the strong threat.} Bxa5 {Accuracy: White = 84%, Black = 86%.} 1/2-1/2

[Event "Open Desko Liberec 2020"]
[Site "Liberec"]
[Date "2020.07.23"]
[Round "7"]
[White "Vitak, Jiri"]
[Black "Sykora, Ondrej"]
[Result "1/2-1/2"]
[WhiteElo "2222"]
[BlackElo "2065"]
[Annotator "ChessBase"]
[PlyCount "73"]
[EventDate "2020.??.??"]
[EventCountry "CZE"]
[SourceTitle "playchess.com"]
[Source "ChessBase"]
[SourceQuality "1"]
[TimeControl "40/5400+30:1800+30"]

1. d4 d6 2. c4 e5 3. Nf3 exd4 4. Nxd4 Bd7 5. e4 Nc6 6. Nc3 g6 7. Be3 Bg7 8. Be2 Nge7 9. O-O O-O 10. Qd2 Nxd4 11. Bxd4 Bxd4 12. Qxd4 Nc6 13. Qd2 Be6 14. f4 f5 15. exf5 Bxf5 16. Bf3 Qf6 17. Nb5 Qg7 18. Rae1 a6 19. Bxc6 bxc6 20. Nd4 c5 21. Nxf5 Rxf5 22. Re4 Raf8 23. Rfe1 Qf6 24. g3 g5 25. Rf1 Qg7 26. Kh1 Kh8 27. g4 Rxf4 28. Rexf4 gxf4 29. Rxf4 Rxf4 30. Qxf4 Kg8 31. Qf5 Qxb2 32. Qc8+ Kg7 33. Qxc7+ Kg8 34. Qxd6 Qb1+ 35. Kg2 Qxa2+ 36. Kg3 Qxc4 37. Qd8+ 1/2-1/2

[Event "Open Desko Liberec 2020"]
[Site "Liberec"]
[Date "2020.07.23"]
[Round "7"]
[White "Belaska, Premysl"]
[Black "Krtous, Zdenek"]
[Result "1-0"]
[WhiteElo "2212"]
[BlackElo "2048"]
[Annotator "TA"]
[PlyCount "105"]
[EventDate "2020.??.??"]
[EventCountry "CZE"]
[SourceTitle "playchess.com"]
[Source "ChessBase"]
[SourceQuality "1"]

{[%evp 9,105,53,59,66,76,83,80,76,110,68,117,114,114,100,108,31,26,24,24,22,31,32,26,0,0,0,6,-43,40,25,64,60,111,111,174,109,200,203,261,283,339,331,356,300,353,255,242,14,0,-107,-110,-115,-106,-110,-117,-106,-89,-404,-368,-390,-377,-313,-283,-239,-245,-307,-53,-62,15,36,477,458,368,345,692,646,736,729,714,711,700,645,704,604,513,476,1266,760,1289,1191,12831,12831,12833,12833,12830,12189,6841,5904]} 1. d4 f5 2. Bg5 Nf6 3. Bxf6 exf6 4. e3 c6 5. c3 {[#]} Qb6 $146 ({Predecessor:} 5... d5 6. Bd3 Qb6 7. Qc2 Be6 8. Nd2 g6 9. Ne2 Na6 10. O-O Bd6 11. b4 Qc7 {0-1 (35) Gilles de la Londe,J (1833)-Dicko,H (2154) Montigny le Bretonneux 2005}) 6. Qc2 {A80: Dutch Defence: Unusual White second moves.} d6 7. Nd2 Be6 8. h4 {White is better.} Nd7 9. Bd3 O-O-O 10. Ne2 (10. Bxf5 $6 Bxf5 11. Qxf5 Qxb2 $11) 10... g6 11. c4 Kb8 12. O-O-O (12. O-O $16) 12... h5 $14 13. Kb1 Bf7 14. Ka1 Ka8 15. Rb1 Qb4 16. Qc3 (16. a3 {feels hotter.} Qa5 17. Nb3 Qb6 18. Rbc1 c5 19. Nf4) 16... Qxc3 17. Nxc3 Bh6 18. g3 Rhe8 (18... Ne5 $1 $15 19. Be2 Ng4 20. Bxg4 fxg4) 19. Rhd1 a6 20. b4 b6 (20... Kb8 $14) 21. Bf1 $16 Ka7 (21... Kb8 $16 {is a better defense.}) 22. Bg2 ({White should try} 22. b5 $1 $18) 22... Nb8 (22... Rc8 $16) 23. b5 $18 axb5 24. cxb5 c5 25. Nd5 Nd7 26. Nc4 Bf8 27. Rd3 Re4 28. Ndxb6 $2 (28. Bxe4 fxe4 29. Ra3+ Kb7 $16) (28. Ra3+ $18 Kb7 29. dxc5 (29. Bxe4 fxe4 30. dxc5 dxc5 $16) 29... Bxd5 30. c6+ (30. Bxe4 fxe4 31. c6+ Bxc6 $16) 30... Kb8 31. Bxe4 Bxe4 32. Rc1) 28... Nxb6 $11 29. Nxb6 (29. Ra3+ $1 $11 Kb7 30. Na5+ (30. Bxe4+ fxe4 31. Na5+ Kc7 $11) 30... Kc7 31. Bxe4 fxe4 32. Nc6) 29... Kxb6 $17 30. dxc5+ Kxc5 {...Rb4 is the strong threat.} 31. Bxe4 fxe4 32. Ra3 f5 33. Rc1+ $2 {[%mdl 8192]} (33. Kb2 $17) 33... Bc4 $19 34. Ra7 {Strongly threatening Rc7+.} d5 35. a4 Bd6 36. Kb2 Kb4 37. b6 Bc5 $2 (37... Be5+ $19 38. Kc2 Bd3+ 39. Kd1 d4) 38. a5 $15 {[%cal Ba4a5,Ba5a6][%mdl 32]} d4 ({Black should play} 38... Kb5 $1 $15) 39. Rc7 $1 $11 {Hoping for b7.} d3 $2 {[%mdl 8192]} (39... dxe3 $14 40. fxe3 Rd3) 40. b7 $1 $18 Rb8 {[#] next ...d2 is good for Black.} 41. a6 $1 {[%mdl 512]} d2 $2 {[#]} (41... Bxa6 42. R1xc5 Bxb7 43. Rc4+ Ka5) 42. Rxc4+ $1 {[%mdl 512] White is clearly winning.} Kxc4 {[%mdl 4096] Endgame [#] KRB-KR} 43. Kc2 $1 ({Stronger than} 43. a7 d1=Q $11) 43... Kb5 {[#]} 44. Rxc5+ $1 {[%mdl 512]} Kxa6 {KR-KR} (44... Kxc5 45. a7) 45. Rc6+ Kxb7 {( -> ...Rd8)} 46. Rxg6 Rd8 47. Kd1 Rd5 (47... Kc7 $142 48. Rg5 Kd7 49. Rxf5 Ke6 50. Rxh5 Rf8) 48. Rh6 Kc7 49. Rxh5 Kd6 {[#]} 50. g4 $1 {[%mdl 512]} Ke6 (50... fxg4 51. Rxd5+) 51. Rxf5 Rd8 52. h5 Rd7 53. h6 {What a bad dream for Black. Accuracy: White = 66%, Black = 41%.} 1-0

[Event "Open Desko Liberec 2020"]
[Site "Liberec"]
[Date "2020.07.23"]
[Round "7"]
[White "Karlik, Vladimir"]
[Black "Cibulka, Josef"]
[Result "1/2-1/2"]
[WhiteElo "2137"]
[BlackElo "1931"]
[Annotator "NA"]
[PlyCount "54"]
[EventDate "2020.??.??"]
[EventCountry "CZE"]
[SourceTitle "playchess.com"]
[Source "ChessBase"]
[SourceQuality "1"]
[TimeControl "40/5400+30:1800+30"]

1. d4 Nf6 2. Nf3 g6 3. g3 Bg7 4. Bg2 O-O 5. O-O d5 6. c4 c6 7. Nbd2 Bf5 8. b3 Ne4 9. Bb2 Nd7 10. Nh4 Nxd2 11. Qxd2 Be6 12. Rac1 Nf6 $11 13. f3 h6 14. e4 g5 15. Nf5 Bxf5 16. exf5 Qd7 17. Rfe1 Ne8 18. cxd5 cxd5 19. Qc2 Nd6 20. Qc7 Qxc7 21. Rxc7 Bf6 22. g4 Rac8 23. Rec1 Rxc7 24. Rxc7 Rc8 25. f4 gxf4 26. Bxd5 b6 27. a4 Ra8 1/2-1/2

[Event "Open Desko Liberec 2020"]
[Site "Liberec"]
[Date "2020.07.23"]
[Round "7"]
[White "Koziorowicz, Michal"]
[Black "Kucera, Petr"]
[Result "1/2-1/2"]
[WhiteElo "2087"]
[BlackElo "2240"]
[Annotator "ChessBase"]
[PlyCount "59"]
[EventDate "2020.??.??"]
[EventCountry "CZE"]
[SourceTitle "playchess.com"]
[Source "ChessBase"]
[SourceQuality "1"]
[TimeControl "40/5400+30:1800+30"]

1. e4 c6 2. d4 d5 3. e5 Bf5 4. h4 h5 5. c4 dxc4 6. Bxc4 e6 7. Ne2 Ne7 8. Ng3 Bg6 9. Nc3 Nf5 10. Nxf5 Bxf5 11. Be3 Be7 12. g3 Nd7 13. Be2 Bg6 14. Qd2 Nb6 15. Bg5 Nd5 16. Bf3 Nb4 17. Bxe7 Qxe7 18. Be4 Bf5 19. a3 Na6 20. Bxf5 exf5 21. O-O O-O 22. Qf4 Qe6 23. Qg5 Rad8 24. Ne2 Qg6 25. Qxg6 fxg6 26. Nf4 Rfe8 27. Rad1 Kf7 28. Rd3 Nc7 29. Rfd1 Nd5 30. Kg2 1/2-1/2

[Event "Open Desko Liberec 2020"]
[Site "Liberec"]
[Date "2020.07.23"]
[Round "7"]
[White "Holasek, Pavel"]
[Black "Sykora, Marek"]
[Result "0-1"]
[WhiteElo "2054"]
[BlackElo "2147"]
[Annotator "ChessBase"]
[PlyCount "100"]
[EventDate "2020.??.??"]
[EventCountry "CZE"]
[SourceTitle "playchess.com"]
[Source "ChessBase"]
[SourceQuality "1"]
[TimeControl "40/5400+30:1800+30"]

1. Nf3 d5 2. g3 c5 3. Bg2 Nf6 4. O-O Nc6 5. d3 e5 6. Nbd2 Be7 7. e4 O-O 8. exd5 Nxd5 9. Nc4 f6 10. a4 Be6 11. Re1 Qd7 12. c3 Rfd8 13. Qc2 b6 14. b3 Rac8 15. Bb2 Bh3 16. Bh1 Qe8 17. d4 exd4 18. cxd4 Qh5 19. Qe2 Bf8 20. Rad1 Bg4 21. dxc5 Bxc5 22. Qe4 Ncb4 23. h3 Qxh3 24. Bd4 Qh5 25. Bxc5 bxc5 26. Ncd2 Bf5 27. Qc4 Bd3 28. Qh4 Qxh4 29. Nxh4 Nc3 30. Rc1 Ne2+ 31. Rxe2 Bxe2 32. Nc4 Rd1+ 33. Rxd1 Bxd1 34. Na5 Kf8 35. Nf5 Nd3 36. Bd5 Ne5 37. Nd6 Rd8 38. Nab7 Rd7 39. a5 Bf3 40. Bxf3 Nxf3+ 41. Kg2 Ne5 42. a6 Nc6 43. Ne4 Rd4 44. Nexc5 Rb4 45. Kf3 Nb8 46. Nd6 Nxa6 47. Nce4 Rxb3+ 48. Kf4 Nc7 49. Nc5 Rb4+ 50. Kf5 a5 0-1

[Event "Open Desko Liberec 2020"]
[Site "Liberec"]
[Date "2020.07.24"]
[Round "8"]
[White "Sernecki, Franciszek"]
[Black "Bures, Jaroslav"]
[Result "1/2-1/2"]
[WhiteElo "2243"]
[BlackElo "2386"]
[Annotator "TA"]
[PlyCount "86"]
[EventDate "2020.??.??"]
[EventCountry "CZE"]
[SourceTitle "playchess.com"]
[Source "ChessBase"]
[SourceQuality "1"]

{[%evp 15,86,9,12,-2,8,0,0,0,-10,-12,-4,-38,-43,-47,-46,-45,-45,-42,-56,-67,-60,-103,-92,-105,-62,-130,-135,-129,-136,-224,-241,-242,-241,-223,-163,-163,-156,-160,-162,-267,-255,-268,-250,-248,-235,-290,-344,-316,-286,-335,-8,-8,-8,-8,-8,-8,-8,-8,-8,-8,-8,-8,-8,-8,-8,-8,-8,-8,-8,-8,-8,-8,-8]} 1. d4 d5 2. c4 c6 3. Nf3 Nf6 4. e3 Bf5 5. Nc3 e6 6. Bd3 Bxd3 7. Qxd3 Nbd7 {[%cal Bb8d7,Bd7b6,Bb6a4][%mdl 32]} 8. O-O Bb4 9. Nd2 {[#] D12: Slav Defence: 3 Nf3 Nf6 4 e3 Bf5.} Qa5 $146 ({Predecessor:} 9... O-O 10. e4 dxe4 11. Ndxe4 Nxe4 12. Qxe4 Nb6 13. c5 Nd5 14. Nxd5 exd5 15. Qf3 Ba5 16. Rb1 Re8 {½-½ (42) Vuong,T (2061)-To,N (2313) Bac Giang 2016}) 10. a3 {Nb3 is the strong threat.} Bxc3 11. Qxc3 Qxc3 12. bxc3 Nb6 13. c5 Na4 14. c4 b6 15. cxb6 axb6 16. cxd5 exd5 17. Nb3 c5 18. dxc5 bxc5 19. Bd2 Rb8 20. Rab1 ({Better is} 20. Nc1 $15) 20... Kd7 $17 21. f3 Rb5 22. e4 {[#]} (22. Na5 $17 Rhb8 23. Rxb5 Rxb5 24. Rd1) 22... Rhb8 $1 $19 ({Don't take} 22... dxe4 23. fxe4 Re8 24. Be1 $17) 23. Bf4 R8b7 24. Nd2 Rxb1 25. Rxb1 Rxb1+ 26. Nxb1 {[%mdl 4096] Endgame KBN-KNN} c4 27. e5 (27. Be5 {was worth a try.}) 27... Nh5 28. Bc1 c3 29. Nxc3 Nxc3 30. Kf1 {[#] intending g4.} g5 $1 31. Bxg5 Ng7 32. Bd2 d4 $2 (32... Na4 $19 {aiming for ...Ke6.} 33. f4 Ke6) 33. Bxc3 $1 $11 {The position is equal.} dxc3 {KN-KP} 34. Ke2 Ke6 {next ...c2 is good for Black.} 35. Kd3 Kxe5 {Strongly threatening ...c2!} 36. Kxc3 Nf5 {White should prevent ...Kd5.} 37. a4 {[%cal Ba3a4,Ba4a5,Ba5a6][%mdl 32]} Kd5 {Threatens to win with ...Nh4.} 38. a5 Nh4 39. a6 Kc6 40. Kd4 Nxg2 {White must now prevent ...Ne1.} 41. Ke5 Ne1 42. Kf6 Nxf3 43. Kxf7 Nxh2 {Black had all chances to win. Accuracy: White = 68%, Black = 84%.} 1/2-1/2

[Event "Open Desko Liberec 2020"]
[Site "Liberec"]
[Date "2020.07.24"]
[Round "8"]
[White "Kucera, Petr"]
[Black "Bartos, Jan"]
[Result "1/2-1/2"]
[WhiteElo "2240"]
[BlackElo "2110"]
[Annotator "TA"]
[PlyCount "85"]
[EventDate "2020.??.??"]
[EventCountry "CZE"]
[SourceTitle "playchess.com"]
[Source "ChessBase"]
[SourceQuality "1"]

{[%evp 13,85,20,29,9,18,0,0,0,0,-11,0,0,31,30,37,30,32,22,24,-6,0,6,14,7,10,0,3,0,0,-30,-10,-14,0,0,0,-4,0,0,0,-5,0,-6,-6,-14,0,0,0,-14,0,0,0,0,0,0,0,0,0,0,0,0,0,0,0,0,0,0,0,0,0,0,0,0,0,0]} 1. d4 Nf6 2. Bg5 e6 3. e4 h6 4. Bxf6 Qxf6 5. Nf3 b6 6. Bd3 Bb7 7. Nbd2 d6 8. e5 {A47: 1 d4 Nf6 2 Nf3 b6: Torre, London and Colle Systems.} Qe7 9. Qe2 g6 10. O-O-O Bg7 11. h4 {[#]} Nd7 $146 ({Predecessor:} 11... a6 12. c3 Nd7 13. Be4 d5 14. Bc2 c5 15. h5 g5 16. Nf1 c4 17. Ne3 b5 {1-0 (43) Popchev,M (2447)-Van Elst,A (2310) Saint Affrique 2001}) 12. Rhe1 O-O-O 13. Ba6 dxe5 14. Bxb7+ Kxb7 15. Qe4+ Kb8 {And now ...f5 would win.} 16. Nxe5 Bxe5 17. dxe5 Nc5 18. Qf4 g5 19. hxg5 hxg5 20. Qf3 Rh4 21. Nb3 Nxb3+ 22. axb3 {The position is equal.} Rhd4 23. Rxd4 Rxd4 $11 {[%mdl 4096] Endgame KQR-KQR} 24. Rh1 Rh4 25. Rxh4 gxh4 {KQ-KQ} 26. Qf4 Qc5 27. c3 (27. Qxf7 {looks sharper.} Qb4 28. Kb1 Qe1+ 29. Ka2 Qa5+ 30. Kb1) 27... Qd5 28. Qxh4 Qxg2 29. Qd4 Qf1+ 30. Kd2 Qb5 31. b4 a5 32. f4 axb4 33. Qxb4 Qd5+ 34. Ke3 Qd7 35. Qd4 Qb5 36. b4 Qf1 37. Qd3 Qg1+ 38. Kf3 Qh1+ 39. Kg4 Qh6 40. b5 f5+ 41. exf6 Qxf6 42. c4 Kc8 43. Qe4 {Accuracy: White = 96%, Black = 96%.} 1/2-1/2

[Event "Open Desko Liberec 2020"]
[Site "Liberec"]
[Date "2020.07.24"]
[Round "8"]
[White "Kucera, Petr"]
[Black "Liska, Jiri"]
[Result "1/2-1/2"]
[WhiteElo "2240"]
[BlackElo "2273"]
[Annotator "TA"]
[PlyCount "45"]
[EventDate "2020.??.??"]
[EventCountry "CZE"]
[SourceTitle "playchess.com"]
[Source "ChessBase"]
[SourceQuality "1"]

{[%evp 22,45,56,40,89,100,100,87,79,83,84,99,92,82,148,135,153,157,154,111,206,198,216,206,258,256]} 1. Nf3 Nf6 2. g3 g6 3. b3 Bg7 4. Bb2 O-O 5. Bg2 d6 6. d4 e5 7. dxe5 Ng4 8. O-O Nc6 9. c4 Re8 10. Nc3 {[%cal Bb1c3,Bc3d5,Bd5e3][%mdl 32]} Ngxe5 11. Nxe5 {was the old line (11.Qd2).} Nxe5 12. Qd2 Rb8 {E60: King's Indian: Unusual lines and Fianchetto Variation without Nc3.} 13. Rad1 Be6 14. Nd5 c6 {White is better.} 15. Ne3 Qb6 16. Bd4 Qa6 17. Qb2 f6 {[#]} (17... Bh6 $142) 18. f4 $146 ({Predecessor:} 18. Rd2 b5 19. cxb5 Rxb5 20. Kh1 Nd7 21. Rc1 d5 22. Rdc2 Rc8 23. a4 Rbb8 24. f4 {½-½ (43) Terreaux,G (2130)-Schneider,B (2200) Bern 1988}) 18... Ng4 {[#]} 19. Nxg4 $1 Bxg4 20. Rfe1 Kf7 {[#]} (20... d5 $16) 21. h3 $1 $18 {[%cal Rh3g4]} Bd7 22. g4 Rbd8 23. e4 {[%mdl 32768] Accuracy: White = 92%, Black = 50%. . An unexpected result.} 1/2-1/2

[Event "Open Desko Liberec 2020"]
[Site "Liberec"]
[Date "2020.07.24"]
[Round "8"]
[White "Finek, Vaclav"]
[Black "Koziorowicz, Michal"]
[Result "1-0"]
[WhiteElo "2210"]
[BlackElo "2087"]
[Annotator "TA"]
[PlyCount "75"]
[EventDate "2020.??.??"]
[EventCountry "CZE"]
[SourceTitle "playchess.com"]
[Source "ChessBase"]
[SourceQuality "1"]

{[%evp 16,75,34,35,35,21,8,12,7,-6,-12,-64,27,28,35,40,28,41,38,34,37,36,41,41,50,51,151,151,142,146,148,143,151,146,142,124,162,150,159,163,163,159,135,122,128,112,124,37,94,45,247,222,247,240,29990,29991,29991,29992,29997,29998,29998,29999]} 1. Nf3 e6 2. d4 f5 3. c4 Nf6 4. g3 Be7 5. Bg2 d6 6. O-O O-O 7. Nc3 Ne4 8. Qc2 Nxc3 9. Qxc3 a5 {A96: Classical Dutch: Fluid Systems: Early deviations.} 10. Bf4 {Recently 10.Re1 got a lot of attention.} Bf6 11. Rfd1 Nc6 {The position is equal.} 12. Rac1 Qe7 {[#]} 13. Qa3 $146 (13. c5 $11) ({Predecessor:} 13. c5 e5 14. cxd6 cxd6 15. dxe5 dxe5 16. Be3 Re8 17. Bc5 Qf7 18. Qa3 Be6 19. Nd2 e4 20. g4 g6 21. Nc4 Bxc4 22. gxf5 gxf5 {0-1 (22) Collet,A (760)-Vaassen,J (2178) IECG email 2004}) 13... Re8 ({Better is} 13... g5 $15 14. Be3 Qg7) 14. c5 $11 {[%cal Rc5d6]} e5 15. cxd6 cxd6 16. dxe5 dxe5 {[#] White must now prevent ...Qxa3.} 17. Qxe7 Rxe7 18. Bg5 Be6 19. Bxf6 gxf6 20. Nh4 Bxa2 (20... Rd8 $14) 21. Nxf5 $16 Rc7 22. Rd6 Rac8 23. Bxc6 bxc6 24. Rxf6 Rb8 25. Rc2 Bd5 26. Ne3 Rcb7 27. Nxd5 cxd5 {[%mdl 4096] Endgame KRR-KRR} 28. Rd6 Rb5 29. e3 a4 30. Ra6 Rb4 31. Rc5 (31. Rd2 $16) 31... Rd8 (31... Rf8 $14) 32. Rca5 Kf7 $2 {[#] Black cannot hold the game after this.} (32... Rf8 $1 $14) 33. Rxa4 Rxb2 34. Ra7+ Kg6 $2 (34... Ke6 $18 35. Rxh7 d4) 35. R4a6+ {White mates.} Kf5 36. f3 Rg8 37. Rf7+ Kg5 38. h4+ {Accuracy: White = 83%, Black = 49%.} 1-0